Europe's Wettest Countries - Statistics

General Stats
  • This quiz has been taken 301 times
    99 since last reset
  • The average score is 15 of 20
Answer Stats
Hint Answer % Correct
1,124 mm UK
98%
613 mm Germany
93%
1,093 mm Norway
93%
604 mm Sweden
93%
1,153 mm Ireland
91%
645 mm France
89%
949 mm Austria
87%
1,288 mm Iceland
82%
749 mm Belgium
78%
601 mm Italy
76%
844 mm Portugal
73%
1,054 mm Switzerland
71%
639 mm Latvia
69%
591 mm Estonia
67%
688 mm Belarus
64%
1,138 mm Slovenia
60%
649 mm Slovakia
58%
974 mm Albania
53%
730 mm Andorra
53%
1,095 mm Montenegro
53%
No matching quizzes found
Score Distribution
Percent of People with Each Score
Percentile by Number Answered
Your Score History
You have not taken this quiz since the last reset